<?xml version="1.0" encoding="UTF-8"?>
<record
    xmlns:xsi="http://www.w3.org/2001/XMLSchema-instance"
    xsi:schemaLocation="http://www.loc.gov/MARC21/slim http://www.loc.gov/standards/marcxml/schema/MARC21slim.xsd"
    xmlns="http://www.loc.gov/MARC21/slim">

  <leader>04010nam a22004337a 4500</leader>
  <controlfield tag="003">PE-LiUPU</controlfield>
  <controlfield tag="005">20250731180158.0</controlfield>
  <controlfield tag="008">220915b        |||||||| |||| 00| 0 eng d</controlfield>
  <datafield tag="020" ind1=" " ind2=" ">
    <subfield code="a">9781456284961</subfield>
  </datafield>
  <datafield tag="040" ind1=" " ind2=" ">
    <subfield code="a">PE-LiUPU</subfield>
    <subfield code="b">spa</subfield>
    <subfield code="c">PE-LiUPU</subfield>
    <subfield code="e">rda</subfield>
  </datafield>
  <datafield tag="082" ind1=" " ind2=" ">
    <subfield code="2">23</subfield>
    <subfield code="a">530</subfield>
    <subfield code="b">M824f</subfield>
  </datafield>
  <datafield tag="100" ind1="1" ind2=" ">
    <subfield code="9">180</subfield>
    <subfield code="a">Moore, Thomas A.</subfield>
    <subfield code="e">autor</subfield>
  </datafield>
  <datafield tag="245" ind1="1" ind2="0">
    <subfield code="a">F&#xED;sica /</subfield>
    <subfield code="c">Thomas A. Moore</subfield>
  </datafield>
  <datafield tag="250" ind1=" " ind2=" ">
    <subfield code="a">Tercera edici&#xF3;n</subfield>
  </datafield>
  <datafield tag="264" ind1=" " ind2=" ">
    <subfield code="a">M&#xE9;xico :</subfield>
    <subfield code="b">McGraw Hill,</subfield>
    <subfield code="c">[2017]</subfield>
  </datafield>
  <datafield tag="300" ind1=" " ind2=" ">
    <subfield code="a">2 vol&#xFA;menes :</subfield>
    <subfield code="b">Ilustraciones ;</subfield>
    <subfield code="c">27 cent&#xED;metros</subfield>
  </datafield>
  <datafield tag="504" ind1=" " ind2=" ">
    <subfield code="a">Incluye &#xED;ndice</subfield>
  </datafield>
  <datafield tag="505" ind1=" " ind2=" ">
    <subfield code="a">Volumen 1: Unidad C: Leyes de conservaci&#xF3;n, interacciones restringidas -- El arte de construir modelos -- Part&#xED;culas e interacciones -- Vectores -- Sistemas y marcos -- Conservaci&#xF3;n dl momentum angular -- M&#xE1;s acerca del momentum angular -- Conservaci&#xF3;n de la energ&#xED;a -- Gr&#xE1;ficas de energ&#xED;a potencial -- Trabajo -- Energ&#xED;a rotacional -- Energ&#xED;a t&#xE9;rmica -- Otras formas de energ&#xED;a interna -- Colisiones -- El modelo est&#xE1;ndar.
Unidad N, Las leyes de la f&#xED;sica son universales: Leyes de Newton -- Fuerzas a partir del movimiento -- Movimiento a partir de las fuerzas --Est&#xE1;tica -- Movimiento linealmente restringido -- Objetos acoplados -- Movimiento circularmente restringido -- Marcos de referencia no inerciales -- Movimiento de proyectiles -- Movimiento oscilatorio -- Leyes de Kepler -- Orbitas y leyes de conservaci&#xF3;n -- C&#xE1;lculo diferencial -- C&#xE1;lculo integral.
Unidad Q, Las part&#xED;culas se comportan como ondas: Modelos de ondas -- Ondas estacionarias y resonancia -- Interferencia y distracci&#xF3;n -- La naturaleza corpuscular de la luz -- La naturaleza ondulatoria de las part&#xED;culas -- Esp&#xED;n -- Las reglas de la mec&#xE1;nica cu&#xE1;ntica -- Rarezas cu&#xE1;nticas -- La funci&#xF3;n de onda -- Modelos cu&#xE1;nticos simples -- Espectros -- La ecuaci&#xF3;n de Sch&#xF6;dinger -- Introducci&#xF3;n a los n&#xFA;cleos -- Estabilidad nuclear -- Tecnolog&#xED;a nuclear -- N&#xFA;meros complejos.
Unidad T, Algunos procesos son irreversibles: Temperatura -- Macroestados y microestados -- Entrop&#xED;a y temperatura -- El factor de Boltzmann -- El gas ideal -- Distribuciones -- Procesos gaseosos -- C&#xE1;lcjulo de cambios de entrop&#xED;a -- La f&#xED;sica del cambio clim&#xE1;tico.</subfield>
  </datafield>
  <datafield tag="505" ind1=" " ind2=" ">
    <subfield code="a">Volumen II. Unidad E, Los campos el&#xE9;ctrico y magn&#xE9;tico est&#xE1;n unificados: Campos el&#xE9;ctricos -- Distribuciones de carga -- El potencial el&#xE9;ctrico -- Equilibrio est&#xE1;tico -- Corriente -- Equilibrio din&#xE1;mico -- An&#xE1;lisis de circuitos -- Campos magn&#xE9;ticos -- Las corrientes responden a los campos magn&#xE9;ticos -- Las corrientes crean campos magn&#xE9;ticos -- El campo electromagn&#xE9;tico -- La ley de Gauss -- La ley de Amp&#xE9;re -- Formas integrales -- La ecuaci&#xF3;n de Maxwell -- La ley e Faraday -- Inducci&#xF3;n -- Ondas electromagn&#xE9;ticas -- La ley de transformaci&#xF3;n electromagn&#xE9;tica -- La radiaci&#xF3;n de una part&#xED;cula en aceleraci&#xF3;n.
Unidad Q, Las part&#xED;culas se comportan como ondas: Modelos de ondas -- Ondas estacionarias y resonancia -- Interferencia y difracci&#xF3;n --La naturaleza corpuscular de la luz -- La naturaleza ondulatoria de las part&#xED;culas -- Esp&#xED;n -- Las reglas de la mec&#xE1;nica cu&#xE1;ntica -- Rarezas cu&#xE1;nticas -- La funci&#xF3;n de onda -- Modelos cu&#xE1;nticos simples -- Espectros -- La ecuaci&#xF3;n de Sch&#xF6;dinger -- Introducci&#xF3;n a los n&#xFA;cleos -- Estabilidad nuclear -- Tecnolog&#xED;a nuclear -- N&#xFA;meros complejos.
Unidad R, Las leyes de la f&#xED;sica son independientes del marco de referencia: El principio de relatividad -- Respuestas breves a problemas seleccionados de la unidad -- Tabla peri&#xF3;dica de elementos.</subfield>
  </datafield>
  <datafield tag="526" ind1=" " ind2=" ">
    <subfield code="a">SEG44</subfield>
  </datafield>
  <datafield tag="526" ind1=" " ind2=" ">
    <subfield code="a">SEG26</subfield>
  </datafield>
  <datafield tag="526" ind1=" " ind2=" ">
    <subfield code="a">P159</subfield>
  </datafield>
  <datafield tag="526" ind1=" " ind2=" ">
    <subfield code="a">P155</subfield>
  </datafield>
  <datafield tag="526" ind1=" " ind2=" ">
    <subfield code="a">P154</subfield>
  </datafield>
  <datafield tag="526" ind1=" " ind2=" ">
    <subfield code="a">P153</subfield>
  </datafield>
  <datafield tag="526" ind1=" " ind2=" ">
    <subfield code="a">P150</subfield>
  </datafield>
  <datafield tag="526" ind1=" " ind2=" ">
    <subfield code="a">P100</subfield>
  </datafield>
  <datafield tag="526" ind1=" " ind2=" ">
    <subfield code="a">P31</subfield>
  </datafield>
  <datafield tag="526" ind1=" " ind2=" ">
    <subfield code="a">P30</subfield>
  </datafield>
  <datafield tag="526" ind1=" " ind2=" ">
    <subfield code="a">P26</subfield>
  </datafield>
  <datafield tag="526" ind1=" " ind2=" ">
    <subfield code="a">P25</subfield>
  </datafield>
  <datafield tag="526" ind1=" " ind2=" ">
    <subfield code="a">P24</subfield>
  </datafield>
  <datafield tag="526" ind1=" " ind2=" ">
    <subfield code="a">P22</subfield>
  </datafield>
  <datafield tag="526" ind1=" " ind2=" ">
    <subfield code="a">P15</subfield>
  </datafield>
  <datafield tag="526" ind1=" " ind2=" ">
    <subfield code="a">P10</subfield>
  </datafield>
  <datafield tag="650" ind1=" " ind2="0">
    <subfield code="9">181</subfield>
    <subfield code="a">F&#xED;sica</subfield>
  </datafield>
  <datafield tag="942" ind1=" " ind2=" ">
    <subfield code="2">ddc</subfield>
    <subfield code="c">BOOK</subfield>
    <subfield code="n">0</subfield>
  </datafield>
  <datafield tag="980" ind1=" " ind2=" ">
    <subfield code="6">18226</subfield>
    <subfield code="8">1</subfield>
    <subfield code="g">ALBERTO SANCHEZ Responsable de Automatizaci&#xF3;n</subfield>
    <subfield code="a">Jaime Vilcaz&#xE1;n</subfield>
  </datafield>
  <datafield tag="999" ind1=" " ind2=" ">
    <subfield code="c">61573</subfield>
    <subfield code="d">61573</subfield>
  </datafield>
  <datafield tag="952" ind1=" " ind2=" ">
    <subfield code="r">2025-12-02 00:00:00</subfield>
    <subfield code="i">1</subfield>
    <subfield code="l">0</subfield>
    <subfield code="o">530 M824f</subfield>
    <subfield code="p">81124</subfield>
    <subfield code="t">e1</subfield>
    <subfield code="v">50.08</subfield>
    <subfield code="w">2022-09-15</subfield>
    <subfield code="x">FIA</subfield>
    <subfield code="y">BK</subfield>
    <subfield code="z">inventario-2023-12-13</subfield>
    <subfield code="1">0</subfield>
    <subfield code="2">ddc</subfield>
    <subfield code="3">v1</subfield>
    <subfield code="5">0</subfield>
    <subfield code="7">0</subfield>
    <subfield code="8">GEN</subfield>
    <subfield code="f">P25</subfield>
    <subfield code="a">BUL</subfield>
    <subfield code="b">BUL</subfield>
    <subfield code="c">GEN</subfield>
    <subfield code="d">2022-08-23</subfield>
    <subfield code="e">LIBUN</subfield>
    <subfield code="g">45.08</subfield>
  </datafield>
  <datafield tag="952" ind1=" " ind2=" ">
    <subfield code="r">2025-12-02 00:00:00</subfield>
    <subfield code="i">1</subfield>
    <subfield code="l">0</subfield>
    <subfield code="o">530 M824f</subfield>
    <subfield code="p">81125</subfield>
    <subfield code="t">e1</subfield>
    <subfield code="v">50.08</subfield>
    <subfield code="w">2022-09-15</subfield>
    <subfield code="x">FIA</subfield>
    <subfield code="y">BK</subfield>
    <subfield code="z">inventario-2023-12-13</subfield>
    <subfield code="1">0</subfield>
    <subfield code="2">ddc</subfield>
    <subfield code="3">v2</subfield>
    <subfield code="5">0</subfield>
    <subfield code="7">0</subfield>
    <subfield code="8">GEN</subfield>
    <subfield code="f">P25</subfield>
    <subfield code="a">BUL</subfield>
    <subfield code="b">BUL</subfield>
    <subfield code="c">GEN</subfield>
    <subfield code="d">2022-08-23</subfield>
    <subfield code="e">LIBUN</subfield>
    <subfield code="g">45.08</subfield>
  </datafield>
</record>
